[Event "ISR-chT"]
[Site "Israel"]
[Date "1999.01.08"]
[Round "1"]
[White "Grinshpun, Eduard"]
[Black "Gershon, Alik"]
[Result "1-0"]
[WhiteElo "2401"]
[BlackElo "2467"]
[Annotator "Gershon,A"]
[PlyCount "77"]
[EventDate "1999.01.??"]
[EventType "team"]
[EventRounds "11"]
[EventCountry "ISR"]
[SourceTitle "CBM 070"]
[Source "ChessBase"]
[SourceDate "1999.06.08"]
[SourceVersion "1"]
[SourceVersionDate "1999.06.08"]
[SourceQuality "1"]

{[%mdl 32768]} 1. d4 Nf6 2. Nf3 e6 3. e3 c5 4. Bd3 d5 5. b3 Nc6 6. O-O Bd6 7.
Bb2 O-O 8. Nbd2 Qe7 9. c4 (9. Ne5 cxd4 10. exd4 Ba3 11. Bxa3 Qxa3 {[%csl Gb2,
Gb4,Gc3][%cal Yc8c2]} 12. Ndf3 Bd7 13. Nxc6 Bxc6 $15 {Bogolubov-Capablanca/1924
}) 9... Rd8 10. a3 cxd4 11. exd4 b6 12. Qe2 (12. Qc2 Bb7 13. c5 $2 bxc5 14.
dxc5 Bxc5 15. Bxf6 gxf6 16. Bxh7+ Kg7 $17 {[%csl Gb7,Gc5,Gg2][%cal Gb7g2,Gd8g8]
}) 12... Bb7 13. Ne5 dxc4 14. bxc4 $2 (14. Ndxc4 $142 $15) 14... Bxe5 $1 15.
dxe5 Nd7 16. Nf3 Nc5 17. Bc2 Na5 18. Nd4 (18. Bc3 $5 Bxf3 19. Qxf3 (19. gxf3
Qg5+ 20. Kh1 Nc6 $15) 19... Nxc4 20. Qf4 Rac8 (20... b5 21. a4 a6 22. Bb4 $44
Qc7 $140 $2 23. axb5 axb5 24. Rxa8 Rxa8 25. Bxc5 Qxc5 26. Qe4 {[%cal Ge4a8,
Ge4h7]}) 21. Qxc4 Nd3 22. Bxd3 (22. Qb3 Qc5 23. Bxd3 Rxd3 $17) (22. Bb4 Nxb4
23. Qxb4 Qxb4 24. axb4 Rxc2 25. Rxa7 Rb2 $15) 22... Rxc4 23. Bxc4 Qc7 {the
difference between this move and Qc5 is can be seen in the following variation:
} (23... Qc5 $2 24. Rad1 {Now black has three moves with the rook, however,
all of them lose!} Re8 (24... Rxd1 25. Rxd1 g6 (25... h6 26. Rd8+ Kh7 27. Bd3+)
26. Bb4 Qxc4 27. Rd8+ Kg7 28. Bf8+ Kg8 29. Bh6#) (24... Rb8 25. Rd4 b5 26. Rfd1
$18 {[%cal Gc3b4]}) 25. Rd4 b5 26. Rfd1 bxc4 27. Rd8 Qb5 28. Rxe8+ Qxe8 29. Ba5
c3 30. Rd8 Qxd8 31. Bxd8 c2 32. Bg5 $18) 24. Rad1 Ra8 25. Rd4 b5 {Now Rfd1
wouldn't threat a checkmate.} 26. Bxb5 Qxc3 27. Rfd1 g6 $17) 18... Rac8 {
[%csl Gc4] Bringing in another piece.} (18... Ba6 19. Nb5) 19. a4 (19. Nb5 Nxc4
$1 (19... Bxg2 {also interesting} 20. Kxg2 Qg5+ 21. Kh1 Rd2 22. Bc1 Rxe2 23.
Bxg5 Rxc2 24. Nd6 Rc7 $19) 20. Qxc4 Qg5 21. g3 (21. f3 Rd2 $19 {[%cal Gg5e3,
Gc5d3]}) 21... Qh5 $1 {[%csl Yg1][%cal Yh5f3,Yh5h3,Yc5d3]} 22. Qf4 (22. Nd6
Rxd6 23. exd6 Qf3) 22... Rd2 $3 23. Nd6 (23. Qxd2 Qf3) 23... Rxc2 24. Nxc8 Qh3
$19) 19... Nd7 {[%csl Gc4]} 20. Ra3 g6 (20... Nf8 21. Rh3 {I wanted to keep
the rook on a3}) 21. Bd3 Qc5 $17 22. Nb5 (22. Nb3 Nxb3 23. Rxb3 Qc6 $17) 22...
Nxc4 23. Bxc4 (23. Rc1 Qd5) 23... Qxc4 24. Qe3 (24. Qxc4 Rxc4 25. Nd6 Rc7 26.
a5 Bd5 $17) 24... Qd5 $6 {It's hard to believe but this natural move was a
beginning of black's problems. Instead of this he should've got rid of pretty
much white's only useful piece.} (24... Ba6 $142 {[%csl Gb5]} 25. Rc1 Qb4 26.
Rxc8 Rxc8 $19) 25. Qg3 Rc2 $4 $138 {And after this move black's position is
already difficult. My only excuse what that..... I didn't see white's reply
until after making my 25th move!!!} (25... Nf8 {[%csl Gd3][%cal Gc8c2,Yb7d5,
Yd5g2]}) 26. Rd3 $16 {Now the pin on the 'd' file is very dangerous,
especially given that both players were in time trouble.} Qe4 (26... Qxg2+ 27.
Qxg2 Bxg2 28. Kxg2 Rxb2 29. Rfd1 a6 30. Na7 Re2 31. Nc6 $1 $18) 27. Rd4 (27.
Nd6 $140 $4 Qxg2+ 28. Qxg2 Bxg2 29. Kxg2 Nc5 $19) 27... Qe2 (27... Qc6 $142 28.
Nxa7 Qc5 29. Qh4 $16) 28. Qg5 $18 {protecting the c1 square. The rest is just
a race against the clock.} ({I was only counting on:} 28. Qh4 Rdc8 29. Rxd7
Rxb2 30. Rxb7 Qxf1+ $1 31. Kxf1 Rc1#) 28... Rxb2 29. Qxd8+ Nf8 30. Qe7 Bxg2 31.
Kxg2 Qxe5 32. Nd6 (32. Rd8 $4 Qe4+ 33. Kg1 Qg4+ 34. Kh1 Qf3+ $11) 32... Qg7 33.
Rf4 f5 34. Qxg7+ Kxg7 35. Rc4 g5 36. Rc7+ Kh6 37. Nf7+ Kh5 38. Ne5 Re2 39. Nd7
1-0

[Event "Bundesliga 9798"]
[Site "Germany"]
[Date "1997.12.06"]
[Round "5.1"]
[White "Jussupow, Artur"]
[Black "Schlosser, Philipp"]
[Result "1-0"]
[WhiteElo "2640"]
[BlackElo "2550"]
[Annotator "Jussupow,A"]
[PlyCount "55"]
[EventDate "1997.10.18"]
[EventType "team-tourn"]
[EventRounds "15"]
[EventCountry "GER"]
[SourceTitle "CBM 062"]
[Source "ChessBase"]
[SourceDate "1998.01.31"]
[SourceVersion "1"]
[SourceVersionDate "1998.01.31"]
[SourceQuality "1"]
[WhiteTeam "Solingen"]
[BlackTeam "Passau"]
[WhiteTeamCountry "GER"]
[BlackTeamCountry "GER"]

1. d4 Nf6 2. Nf3 e6 3. e3 c5 4. Bd3 Nc6 5. O-O d5 6. b3 Bd6 7. Bb2 O-O 8. c4 $5
(8. a3 Qc7 {/\e5}) (8. Nbd2 Qe7 {/\e5; /\9...cd 10.ed Ba3}) 8... Qe7 (8... b6
$142) 9. Nc3 cxd4 10. exd4 Ba3 11. Qc1 $1 (11. Bxa3 Qxa3 12. c5 b6 $1 $132)
11... Bxb2 12. Qxb2 $14 dxc4 $6 (12... Rd8 $142 $14) 13. bxc4 Rd8 14. Rad1 b6
15. d5 Na5 (15... Qb4 $142 $5) 16. Rfe1 Qc5 $2 (16... h6 $142 $1) {[#]} 17. Ne4
$1 $40 Nxe4 18. Bxe4 (18. Rxe4 exd5 19. cxd5 Bf5 $11) 18... Bb7 $1 (18... Nxc4
$2 19. Qc2 exd5 20. Rxd5 Rxd5 21. Bxd5 $18 {[%cal Re1e8,Rd5a8,Rd5c4]}) (18...
exd5 $2 19. Qe5 $3 $40 {[%csl Ge5]} Nxc4 $140 (19... Bg4 20. Rxd5 Rxd5 21. Bxd5
Bxf3 22. Bxa8 Bxa8 23. Qb8+ Qf8 24. Re8 $18) 20. Bxh7+ Kxh7 21. Qh5+ Kg8 22.
Ng5 $18) 19. Ng5 $1 {[%csl Rh7]} (19. Qe5 {/\Bh7} h6 $1) (19. dxe6 $2 Rxd1 20.
exf7+ Kf8 $1 21. Rxd1 Bxe4 $17) 19... h6 (19... Nxc4 20. Bxh7+ Kf8 {[%cal
Yb2e2,Ye2h5,Rh5f7,Rh5h8]} 21. Qe2 $1 Bxd5 (21... Rxd5 22. Nxe6+ $3 fxe6 23.
Qxe6 Rxd1 24. Qg8#) 22. Qh5 $16 {[%csl Rf7,Rh8]}) 20. Bh7+ Kh8 (20... Kf8 21.
Nxf7 $3 Kxf7 22. Rd3 $18 (22. Qe5 $18)) 21. Nxf7+ Kxh7 22. Qc2+ $1 (22. Nxd8 $2
Rxd8 23. Rxe6 Nxc4 $132) 22... Kg8 (22... g6 23. Nxd8 (23. Rxe6 Rg8 24. Ne5 $18
) 23... Rxd8 24. Rxe6 Rg8 25. Rde1 Bc8 (25... Qxc4 26. Re7+ Rg7 27. Qb2 $18) (
25... Nxc4 26. Re7+ (26. Rxg6 $2 Rxg6 27. Re6 Ne5 $1) 26... Rg7 27. Rxg7+ Kxg7
28. Re6 $18) 26. Re7+ Rg7 27. Rxg7+ Kxg7 28. Qc3+ $18) 23. Nxh6+ $1 gxh6 24.
Qg6+ $18 Kf8 25. Qxh6+ Kg8 (25... Kf7 26. Qh7+ (26. dxe6+ Kg8 27. Rxd8+ Rxd8
28. Qg6+ $18) 26... Kf8 27. dxe6 $18) 26. Qg6+ Kf8 27. Qf6+ Kg8 28. Re5 $18 1-0

[Event "Dortmund SuperGM 25th"]
[Site "Dortmund"]
[Date "1997.07.04"]
[Round "1"]
[White "Jussupow, Artur"]
[Black "Short, Nigel D"]
[Result "1/2-1/2"]
[WhiteElo "2640"]
[BlackElo "2660"]
[Annotator "Jussupow,A"]
[PlyCount "43"]
[EventDate "1997.07.04"]
[EventType "tourn"]
[EventRounds "9"]
[EventCountry "GER"]
[EventCategory "18"]
[SourceTitle "CBM 060"]
[Source "ChessBase"]
[SourceDate "1997.09.29"]
[SourceVersion "1"]
[SourceVersionDate "1997.09.29"]
[SourceQuality "1"]

1. d4 Nf6 2. Nf3 e6 3. e3 c5 4. Bd3 d5 5. b3 Qa5+ 6. c3 (6. Nbd2 cxd4 7. exd4
Bb4 8. O-O {8.Bb2 Bc3=} Bc3 9. b4 $1 {9.Rb1 Nc6-+} Qc7 $5 (9... Qxb4 10. Rb1
Qe7 11. Rb3) (9... Bxb4) (9... Qb6 10. Rb1 Nc6 11. Rb3 $1 Bxd4 12. b5 $1 $44)
10. Rb1 Nc6 11. Bb5 $8 a5 12. bxa5 (12. a3 axb4 13. axb4 O-O 14. Bxc6 Qxc6 {
14...bc!?}) 12... O-O 13. Ba3 Rd8 14. Bc5 Nd7 {14...Ba5!?} 15. Rb3 $13 {
Miles 1/2-1/2 Yusupov,A-Miles,A/London USSR-World 1984 (79)}) 6... cxd4 $2 (
6... Nc6 7. O-O Be7 (7... Qc7 8. c4 (8. Bb2 cxd4 9. exd4 Be7 10. Nbd2 O-O 11.
Qe2 b6 12. Ne5 Nxe5 13. dxe5 Nd7 14. c4 Nc5 15. cxd5 exd5 16. Rac1 Qd8 17. Nf3
$14 {1/2-1/2 Hoi,C-Inkiov,V/Gausdal Int 1990 (28)}) 8... dxc4 9. bxc4 Be7 10.
Bb2 cxd4 11. exd4 O-O 12. Nbd2 b6 13. Rc1 Bb7 14. Re1 (14. d5 $5 Nb4 15. Bb1
exd5 16. a3 Na6 17. cxd5 Qd8 18. Re1 $13 {Kovacevic}) 14... Rad8 15. Bb1 Qf4
16. d5 exd5 17. cxd5 Nxd5 18. Rc4 Qd6 19. Ne4 Qh6 20. Bc1 Qg6 $44 {1-0
Kovacevic,V-Popovic,P/Zagreb 1985 (34)}) 8. Bb2 O-O 9. Nbd2 Qc7 10. c4 Rd8 11.
Rc1 cxd4 12. Nxd4 (12. exd4 $142) 12... Nxd4 13. Bxd4 e5 14. cxd5 Qb8 15. Ba1
Rxd5 16. Qe2 Bg4 17. f3 Qd8 $15 {0-1 McDonald,N-Piket,J/EUchJ Groningen 1986 
(40)}) 7. exd4 $14 {[%csl Yc1,Yd2,Ye3,Yf4,Yg5,Yh6]} Nc6 8. O-O Be7 (8... Qc7 $5
) 9. Ne5 $1 Nxe5 $6 (9... Qc7 10. f4 b6 $14) 10. dxe5 Nd7 11. Qg4 $1 g6 12. Re1
$16 h5 13. Qe2 Kf8 (13... Qc7 $5 $16 {/\b6}) 14. Be3 $2 (14. Bb2 $142 Qc7 15.
Nd2 (15. c4) 15... b6 16. c4 dxc4 $140 17. Nxc4 $36 {[%cal Rc4d6]}) 14... Nxe5
15. Bd4 Nxd3 16. Qxd3 Rg8 17. Nd2 Bd7 (17... f6 $5 18. c4 $1 $13) 18. Qe3 {
/\Qh6} f6 $1 19. Qh6+ Rg7 $8 (19... Kf7 $2 20. Nf3 $40 Rh8 $140 21. Ng5+ $1 $18
) 20. Qh8+ (20. Bxf6 $143 $6 Bxf6 21. Qh8+ Ke7 22. Qxa8 Bxc3 23. Nf3 Rf7 $17) (
20. Nf3 $143 $6 Kg8 21. Ng5 Qa6 $17 (21... e5 22. Rxe5 fxe5 23. Bxe5 Bf8 24.
Bxg7 Bxg7 25. Qh7+ Kf8 26. Qxg6 $40)) 20... Rg8 $11 21. Qh6+ Rg7 22. Qh8+
1/2-1/2

[Event "Petrov Memorial op"]
[Site "St Petersburg"]
[Date "2000.02.09"]
[Round "3"]
[White "Balashov, Yuri S"]
[Black "Tunik, Gennady"]
[Result "1/2-1/2"]
[WhiteElo "2534"]
[BlackElo "2442"]
[Annotator "Kaspi,A"]
[PlyCount "87"]
[EventDate "2000.02.05"]
[EventType "swiss"]
[EventRounds "9"]
[EventCountry "RUS"]
[SourceTitle "CBM 076"]
[Source "ChessBase"]
[SourceDate "2000.05.31"]
[SourceVersion "1"]
[SourceVersionDate "2000.05.31"]
[SourceQuality "1"]

1. d4 {Tyomkin,D} Nf6 2. Nf3 e6 3. e3 b6 4. Bd3 Bb7 5. O-O d5 6. Ne5 g6 7. b3
Bg7 8. Ba3 $146 (8. Nd2 c5 9. Bb2 Nfd7 10. f4 O-O 11. Qe2 Nc6 12. a3 a5 13. Bb5
Rc8 14. Rac1 Rc7 15. Ndf3 Ndxe5 16. Nxe5 {1/2-1/2 Jussupow,A-Epishin,V/Germany
1999/GER-chT (16)}) 8... Nfd7 {Black can not castle just for a few moves-
c7-c5 comes next move.} 9. f4 c5 10. Nd2 f6 11. Nef3 f5 {It is necessary move-
black can delay castling on one more move.} (11... O-O 12. e4 $5) 12. c4 O-O
13. Rc1 Nc6 14. cxd5 exd5 15. Ne5 Ncxe5 $6 {It leads to the worse position of
black. Instead of it, black had some good possibilities:} (15... Re8 16. Qf3 (
16. Bb5 Ndxe5 17. fxe5 a6 18. Bxc6 Bxc6 $15) 16... Ndxe5 17. dxe5 a5 $1 {
[%cal Gc6b4]}) (15... Ndxe5 16. dxe5 (16. fxe5 Re8 {[%cal Ga8c8] and black is
safe.}) 16... Qe7 17. Nf3 Nd8 $11 {[%cal Gd8e6]}) 16. fxe5 (16. dxe5 Re8 17.
Nf3 Nf8 $11 {[%csl Re6][%cal Gf8e6,Rd5d4]}) 16... Qe7 17. Qe2 Rfc8 18. Ba6 (18.
Bb5 a6 19. Bxd7 Qxd7 20. dxc5 Qb5 $1 $15) 18... Bxa6 19. Qxa6 Nf8 20. Nf3 Ne6
21. Qd3 {[%csl Yc5,Yd5] White got some pressure on pawns c5 and d5, but black
neutralizes it by accurate play.} Rd8 22. Rc2 Bf8 23. Rfc1 Qb7 24. Bb2 Rac8 25.
a4 Bh6 26. Kh1 f4 $1 {Step-by-step situation has changed - black has defended
its weaknesses and already looks for the initiative.} 27. exf4 Bxf4 (27... Nxf4
$5 28. Qd2 Kg7 $132 {[%cal Gb7a6]} 29. dxc5 $140 Ne6 {[%csl Ye5] blocking
e5-pawn.}) 28. Rf1 Rf8 29. Rd1 (29. Rcf2 c4 30. Qc3 $13) 29... Rf7 30. dxc5
bxc5 31. Ba3 {Not falling to the trap:} (31. Qxd5 $2 Rd8 32. Qxd8+ Nxd8 33.
Rxd8+ Rf8 34. Rxf8+ Kxf8 35. Rxc5 Qxb3 36. Bd4 Qxa4 $17) 31... Bh6 32. h4 Bf8
33. Ng5 (33. a5 Rd8 34. Re1 Nf4 $15) 33... Nxg5 (33... c4 $5 34. Qxd5 Qxd5 35.
Rxd5 Nxg5 36. Bxf8 Rcxf8 (36... Kxf8 $143 37. hxg5 c3 38. Rd3 $14) 37. hxg5
cxb3 38. Rb2 $11) 34. hxg5 c4 35. bxc4 Bxa3 {And now white has prepared the
trap for black:} (35... dxc4 $2 36. Rxc4 $1 Rxc4 37. Qxc4 Bxa3 38. e6 $18) 36.
Qxa3 dxc4 (36... Rxc4 $4 37. Rxc4 dxc4 38. e6 $18) 37. e6 Re7 (37... Rf4 38.
Qh3 Qe4 39. Qc3 Qxe6 40. Qh3 $17) 38. Rxc4 $1 {One more blow!} Rxe6 $1 {
And after spectacular play of both players,the game has passed to the drawn
ending.} (38... Rxc4 $4 39. Rd8+ Kg7 40. Qa1+ $18) 39. Qc3 Ree8 40. Rf1 Qa6 41.
Rff4 Qe6 42. Rxc8 Rxc8 43. Qd4 a5 44. Re4 1/2-1/2

[Event "Cheliabinsk"]
[Site "Cheliabinsk"]
[Date "1991.??.??"]
[Round "?"]
[White "Lhagvasuren, Cedendemberel"]
[Black "Ulybin, Mikhail"]
[Result "0-1"]
[WhiteElo "2350"]
[BlackElo "2465"]
[Annotator "Knaak,R"]
[PlyCount "70"]
[EventDate "1991.??.??"]
[EventType "tourn"]
[EventRounds "11"]
[EventCountry "URS"]
[EventCategory "7"]
[SourceTitle "CBM 025"]
[Source "ChessBase"]
[SourceDate "1991.12.01"]
[SourceVersion "1"]
[SourceVersionDate "1991.12.01"]
[SourceQuality "1"]

1. e4 e6 2. d4 d5 3. exd5 exd5 4. Bd3 c5 $5 5. dxc5 (5. Nf3 {>=} Nc6 6. c3 (6.
Qe2+ $2 Be7 7. dxc5 Nf6 8. h3 $2 O-O 9. O-O Bxc5 $17 10. c3 Re8 11. Qc2 Qd6 12.
Nbd2 Qg3 13. Bf5 Re2 14. Nd4 Nxd4 {0-1/Tatei-Kortschnoj/Beersheba/1978/i25/229}
)) 5... Bxc5 6. Nf3 Nf6 7. O-O O-O $10 8. h3 $2 {><g3} Nc6 9. Nbd2 (9. Bf4 Qb6)
9... Qd6 $1 10. Nb3 Bb6 11. c3 $6 Bxh3 $1 $17 12. gxh3 Qg3+ 13. Kh1 Qxh3+ 14.
Nh2 (14. Kg1 Ng4 (14... Bc7 $5 15. Re1 Ng4 16. Be3 Nce5 $1 (16... Bh2+ 17. Nxh2
Qxh2+ 18. Kf1 Qh3+ (18... Nce5 $1) 19. Ke2 Nxe3 20. Rh1 $1 Nxd1 21. Rxh3 Nxb2
22. Bxh7+ $10) 17. Nbd4 Nxe3 18. Rxe3 Ng4 $17) 15. Bf4 Nxf2 16. Rxf2 Qg4+ 17.
Kf1 Bxf2 18. Kxf2 Qxf4 $17) 14... Ne5 15. Be2 Nf3 $1 16. Bf4 $8 (16. Bxf3 $2
Bc7 $19) 16... Nh4 17. Bf3 (17. Rg1 Ne4 $1 18. Bg3 Bxf2 $19) 17... Nh5 $1 $19
18. Bg3 Qxg3 $3 19. Rg1 (19. fxg3 Nxg3#) 19... Bxf2 $1 20. Bxh5 Bxg1 21. Qxg1
Qe5 22. Bf3 Nxf3 23. Nxf3 Qh5+ 24. Nh2 Rfe8 25. Nd4 Re5 26. Qg3 Rg5 27. Qe3 Qg6
28. Re1 h6 29. Ndf3 Rh5 30. Qf4 Rf5 31. Qc7 Qc6 32. Qg3 Qf6 33. Ng4 Qg6 34. Nh4
Rh5 35. Kg2 Rxh4 0-1

[Event "Olympiad-40"]
[Site "Istanbul"]
[Date "2012.09.03"]
[Round "6.3"]
[White "Kosic, Dragan"]
[Black "Eljanov, Pavel"]
[Result "0-1"]
[WhiteElo "2526"]
[BlackElo "2693"]
[Annotator "Krasenkow,M"]
[PlyCount "58"]
[EventDate "2012.08.28"]
[EventType "team-swiss"]
[EventRounds "11"]
[EventCountry "TUR"]
[SourceTitle "CBM 151"]
[Source "ChessBase"]
[SourceDate "2012.11.13"]
[SourceVersion "1"]
[SourceVersionDate "2012.11.13"]
[SourceQuality "1"]
[WhiteTeam "Montenegro"]
[BlackTeam "Ukraine"]
[WhiteTeamCountry "MNE"]
[BlackTeamCountry "UKR"]

1. d4 Nf6 2. Nf3 e6 3. e3 c5 4. Bd3 d5 5. b3 cxd4 6. exd4 Nc6 7. O-O b6 {
Usually the game position arises from another move order:} (7... Bd6 8. Bb2 O-O
9. Nbd2 b6 10. a3 Bb7 11. Ne5) 8. Bb2 Bb7 9. Nbd2 Bd6 10. Ne5 O-O 11. a3 Ne7 {
A common solid plan.} (11... Qc7 {is not too useful. An example:} 12. Qe2 Ne7
13. f4 b5 14. Rf3 Rac8 15. Rc1 $36 {[%cal Yf3h3] 1-0 Bruzon Batista,L (2650)
-Anand,V (2803)/Leon 2006/CBM 112 ext (28)}) 12. Qe2 (12. Re1 Rc8 13. g3 Rc7
14. Re2 Qc8 15. Qf1 Ne4 16. Qh3 Bxe5 17. dxe5 h6 18. b4 Nxd2 19. Rxd2 d4 $132 {
1-0 Cvorovic,D (2437)-Sulava,N (2521)/Sibenik 2007/EXT 2008 (35)}) (12. f4 Ne4
$1) 12... Rc8 (12... Ng6 {is a bit premature: this knight can often go to f5.
An example:} 13. f4 Qc7 14. Rae1 Rac8 15. Rf2 Rce8 16. g3 Ne7 17. g4 Nd7 18.
Qe3 Ng6 19. Qh3 $36 {1-0 Balashov,Y (2414)-Miroshnichenko,P (2202)/Moscow 2011/
CBM 141 Extra (37)}) (12... Bc7 13. a4 $5 (13. f4 $6 Nf5 14. g4 Nd6 15. g5 Nfe4
$15 {0-1 Norris,A (2301)-Lesiege,A (2582)/Cappelle la Grande 2000/CBM 074 ext 
(66)})) (12... g6 13. a4 $5 (13. g4 $6 Ne8 14. g5 Nf5 15. f4 f6 16. gxf6 Nxf6
17. Rae1 Nh5 $15 {1/2 Pytel,K (2396)-Kosten,A (2517)/Metz 2007/CBM 117 ext (27)
})) 13. f4 Rc7 (13... Qc7 $6 {[%cal Rf6e4] Generally, as you see, this is not
the ideal square for Black's queen.} 14. Rac1 $5 (14. Rf2 Ng6 15. g3 Qe7 16. h4
Rfe8 17. h5 Nf8 18. g4 N6d7 19. g5 Bxe5 20. fxe5 Qxg5+ 21. Rg2 $40 {1-0 Cori
Tello,J (2489)-Melkumyan,H (2620)/Moscow 2012/CBM 147 (42)}) 14... Rfd8 15. g4
Ng6 16. g5 Ne4 17. Nxe4 dxe4 18. Bxe4 Bxe4 19. Qxe4 $16 {1/2 Joshi,P (2291)
-Kravtsiv,M (2546)/Mumbai 2010/CBM 136 Extra}) (13... Bb8 14. Rf3 (14. a4 $5)
14... Nf5 15. Rh3 Ne4 16. Nxe4 dxe4 17. Bxe4 Bxe4 18. Qxe4 f6 19. Ng4 Qd5 20.
Qd3 b5 21. Rf1 $14 {0-1 Jussupow,A (2608)-Jobava,B (2646)/Turin 2006/CBM 113 
(67)}) 14. Rae1 Ng6 {It is time for this move. Black's queen can go to c8 or
a8 (creating the ...Nf6-e4 threat) but now e7 is even a more appropriate
square as it attacks the a3-pawn. Meanwhile it is not clear what White can do.}
(14... Qc8 $5 {[%cal Rf6e4]} 15. c4 Ba8 16. Qe3 Rd8 17. Qh3 Nf5 18. Ndf3 Bf8
19. Ng5 $36 {0-1 Amjad,A (2272)-Al Hadarani,H (2334)/Aden 2002/CBM 086 ext (34)
}) (14... Ne8 $5 15. Rf3 $5 (15. g4 f6 16. Rf3 {0-1 Sunye Neto,J (2435)
-Ljubojevic,L (2605)/Brasilia 1981/MCD (36)} g6 {[%cal Ye8g7]})) (14... Qa8 15.
c4 dxc4 16. bxc4 Qc8 17. Ng4 Nxg4 18. Qxg4 Ng6 {1-0 Gomez,A (2325)-Medina,J 
(2270)/Havana 1992/EXT 2000 (31)} 19. f5 $36) 15. f5 $6 {Black is
well-prepared for this advance, too.} (15. g3 {[%cal Yh2h4]} Qe7) (15. c3 $5
Qe7 16. a4 $13 {is probably the best option.}) 15... exf5 16. Bxf5 Re7 17. Ndf3
Qc7 {[%cal Yf8e8,Yb7c8]} 18. Ng5 Rfe8 19. Qd3 (19. Bxg6 hxg6 {[%cal Yb7c8,
Yc8f5]}) 19... Nxe5 20. dxe5 Bxe5 21. Rxe5 Rxe5 22. Bxe5 Qxe5 (22... Rxe5 $5
23. Bxh7+ Kf8 24. Qg3 Ba6 25. Bd3 Qc5+ 26. Kh1 Bxd3 27. cxd3 Qe3 28. Ne4 Qxg3
29. Nxg3 Re6 $17 {[%cal Ye6c6]}) 23. Bxh7+ Kf8 24. Bf5 (24. Nxf7 Kxf7 25. Bg6+
Kg8 26. Bxe8 Nxe8 {is likewise dangerous for White.}) 24... d4 25. Nh7+ $2 (25.
Nf3 {, tenaciously defending, was a must. E.g.} Qe3+ 26. Qxe3 dxe3 27. Nd4 $1
Rd8 28. c3 Nd5 29. Bd3 $1 {[%cal Rd4e6]} Kg8 30. Re1 $1 Nxc3 31. Rxe3 {keeping
some drawing chances.}) 25... Nxh7 26. Bxh7 {[%csl Rh7]} Qg5 27. Qg6 Qe3+ $1
28. Kh1 Qf4 29. Qd3 Qg5 (29... Qg5 30. Qg3 Qxg3 31. hxg3 Re2 32. Rf4 Rxg2 33.
Be4 Bxe4 34. Rxe4 Rxc2 35. Rxd4 Rc3 $19) 0-1